[Event "Tarragona Province-ch B"]
[Site "Tarragona"]
[Date "2015.11.29"]
[Round "9.10"]
[White "Lopez Nadal, Francesco"]
[Black "Recasens Recasens, Josep"]
[Result "1-0"]
[WhiteElo "1884"]
[BlackElo "1827"]
[PlyCount "75"]
[EventDate "2015.09.27"]
[EventType "swiss"]
[EventRounds "9"]
[EventCountry "ESP"]
[SourceTitle "EXT 2024"]
[Source "ChessBase"]
[SourceDate "2023.10.10"]
[SourceVersion "1"]
[SourceVersionDate "2023.10.10"]
[SourceQuality "1"]

1. e4 c6 2. d4 d5 3. e5 Bf5 4. Bd3 Bxd3 5. Qxd3 e6 6. f4 Nd7 7. Nf3 c5 8. c3 Qb6 9. 0-0 Ne7 10. b3 cxd4 11. Qxd4 Qa6 12. Qf2 Nf5 13. Nd4 Bc5 14. Be3 Nxe3 15. Qxe3 0-0 16. Nd2 Rae8 17. N2f3 f6 18. Kh1 fxe5 19. Nxe5 Nxe5 20. Qxe5 Bd6 21. Qe3 e5 22. Nf3 Rxf4 23. g3 Rff8 24. Kg2 b6 25. Rfd1 e4 26. Nd4 Rf7 27. Rd2 Bc5 28. a4 Ref8 29. Rc1 Rf3 30. Qg1 Qa5 31. b4 Bxd4 32. Qxd4 Qxa4 33. Qxd5+ Kh8 34. Qxe4 Qa6 35. Qxf3 Kg8 36. Qd3 Qc8 37. Rcc2 Qc6+ 38. Qd5+ 1-0